000 00751nam a2200241Ia 4500
003 OSt
005 20220928113553.0
006 a|||||r|||| 00| 0
007 ta
008 220927b |||||||| |||| 00| 0 eng d
024 _a30893
037 _cTextual
040 _aSDCL
_cSDCL
_beng
041 _2eng
_aeng
082 _aX:97.1'N3, M3
100 _aGospel Howard F Ed.
_9433874
245 0 _aManagerial strategies and industrial relations
_b An historical and comparative study
260 _aLondon
_bHeinemann Educational Books
_c1983
300 _avii,201p
_ccm.
700 _a Littler Craig R Ed.
_9433875
942 _hX:97.1'N3, M3
_cTEXL
_2CC
999 _c750281
_d750281